Encíclica de nuestro Santísimo Padre León XIII, por la Divina Providencia Papa, sobre la libertad humana. Dirigida a los Patriarcas, Primados, Arzobispos y Obispos todos del orbe católico, en gracia y comunión con la Silla Apostólica

Gespeichert in:
Bibliographische Detailangaben
1. Verfasser: León XIII (VerfasserIn)
Format: Buch
Sprache:Spanisch
Veröffentlicht: Santiago Imprenta Católica 1888
Ausgabe:1a. ed
Schlagworte:
Tags: Tag hinzufügen
Keine Tags, Fügen Sie den ersten Tag hinzu!

MARC

LEADER 00000nam a2200000 a 4500
001 UCJ6201
003 CL-VaPUC
008 070124e18880000CL |||||||||||||||||spa|d
082 0 4 |a 262.9  |b LEO  |2 21 
100 |a León XIII  |e author  |9 310697 
245 1 0 |a Encíclica de nuestro Santísimo Padre León XIII, por la Divina Providencia Papa, sobre la libertad humana. Dirigida a los Patriarcas, Primados, Arzobispos y Obispos todos del orbe católico, en gracia y comunión con la Silla Apostólica 
250 |a 1a. ed 
300 |a 67 p 
942 |c BK 
945 |d 20070124 00:00:00  |a rinostro 
260 |a Santiago  |b Imprenta Católica  |c 1888 
500 |a Empastada con otros escritos en un volumen rotulado Casanova-Pastorales, ubicado en 282 CAS 
650 0 |a Encíclicas papales  |9 314532 
650 0 |a Libertad  |9 255686 
650 7 |a MORAL CATOLICA  |2 CL-VaPUC  |9 480577 
650 0 |a Documentos pontificios   |9 255642 
650 7 |a HERALDICA  |2 CL-VaPUC  |9 388228 
583 |a last modification  |c 20070124 00:00:00  |k Rodrigo Vera 
999 |c 322309  |d 322307 
952 |0 0  |1 0  |4 0  |6 262_900000000000000_LEO_1888  |7 0  |8 ?  |9 401274  |a FDOBUD  |b FDOBUD  |d 2019-11-22  |i 1045121  |o 262.9 LEO 1888  |p 1045121  |r 2019-11-22  |w 2019-11-22  |y BK  |k BUD